000 00882nam a2200229 i 4500
001 93710
003 ES-MaACL
005 20250803064616.0
007 t|
008 050418s1972 sp |||| | spa d
080 _a821.134.2 Bécquer, Gustavo Adolfo 1.07
100 0 _aLópez Estrada, Francisco,
_d1918-2010
_973627
245 1 0 _aPoética para un poeta :
_blas "Cartas literarias a una mujer" de Bécquer /
_cFrancisco López Estrada.
260 _aMadrid :
_bGredos,
_c1972.
300 _a246 p. ;
_c21 cm.
490 1 _aBiblioteca románica hispánica II. Estudios y ensayos ;
_v176
600 1 4 _aBécquer, Gustavo Adolfo,
_d1836-1870-
_xCrítica e interpretación
_926977
740 0 2 _aCartas literarias a una mujer.
830 1 _aBiblioteca románica hispánica II. Estudios y ensayos ;
_v176
_9178108
852 4 _aES-MaACL
_jC-54267
999 _c93710
_d93710